000 00440nam a2200205Ia 4500
001 1368
003 GE_BSU
008 181216s||||||||xx |||||||||||||| ||und||
020 _a9780387950693
040 _cGE_BSU
080 _a517
100 _aGamelin, W Theodore.
245 _aComplex Analysis.
260 _aSan Francisco.
260 _c2001.
300 _a480 c.
541 _h180 G.
653 _aComplex Analysis.
942 _cBK
999 _c35507
_d35507